000 00348cam a2200121ua 4500
020 _a9788189866433
082 _a515
_bMIS/HA
100 _aMishra, K K .
245 _aHandbook on numerical technique lab ( Matlab base experiments) /
260 _aNew Delhi :
_bI.K International Publishing House ,
_c2007.
300 _a116 ;
_eCD.
942 _cBK
999 _c13297
_d13297